Mirhibeyila: Tsakama, tsakama,oma (Record no. 665288)

MARC details
000 -LEADER
fixed length control field 00561nam a22002057a 4500
005 - DATE AND TIME OF LATEST TRANSACTION
control field 20240124102648.0
008 - FIXED-LENGTH DATA ELEMENTS--GENERAL INFORMATION
fixed length control field 221010b sa ||||| |||| 00| 0 eng d
020 ## - INTERNATIONAL STANDARD BOOK NUMBER
International Standard Book Number <a href="9780796043399">9780796043399</a>
040 ## - CATALOGING SOURCE
Original cataloging agency RDA
Transcribing agency 3228
082 ## - DEWEY DECIMAL CLASSIFICATION NUMBER
Classification number TSO JF MIRH
942 ## - ADDED ENTRY ELEMENTS
Creator Name Elsie
Modifier ID 162
Modifier Name Elsie Maluleke
245 ## - TITLE STATEMENT
Title Mirhibeyila: Tsakama, tsakama,oma
Medium Xitsonga
250 ## - EDITION STATEMENT
Edition statement First edition
260 ## - PUBLICATION, DISTRIBUTION, ETC.
Place of publication, distribution, etc. Pietermaritzburg:
Name of publisher, distributor, etc. Shuter & Shooter publishers
Date of publication, distribution, etc. 2013
300 ## - PHYSICAL DESCRIPTION
Extent 42 pages
Dimensions 24 cm
521 ## - TARGET AUDIENCE NOTE
Target audience note XITSONGA STUDY MATERIAL
942 ## - ADDED ENTRY ELEMENTS
Source of classification or shelving scheme Dewey Decimal Classification
942 ## - ADDED ENTRY ELEMENTS
Source of classification or shelving scheme Dewey Decimal Classification
942 ## - ADDED ENTRY ELEMENTS
Source of classification or shelving scheme Dewey Decimal Classification
item type Books
Holdings
Withdrawn status Lost status Source of classification or shelving scheme Damaged status Not for loan Collection code Home library Current library Shelving location Date acquired Cost, normal purchase price Total Checkouts Full call number Barcode Date last seen Price effective from item type
    Dewey Decimal Classification     Fiction LYDENBURG REGIONAL LIBRARY LYDENBURG (TOWN)   05.10.2023     XITS JF MIRH 33228031031070 05.10.2023 05.10.2023 Books
    Dewey Decimal Classification     Fiction MBOMBELA REGIONAL LIBRARY MBOMBELA REGIONAL LIBRARY Children's Area 01.06.2022 47.14   FIRST EDITION XITS JF MIRH 33228031036062 01.06.2022 01.06.2022 Books
    Dewey Decimal Classification       LYDENBURG REGIONAL LIBRARY MP Stream   24.01.2024     TSO JF MIRH 33228031030310 24.01.2024 24.01.2024 Books
    Dewey Decimal Classification       LYDENBURG REGIONAL LIBRARY Mkhuhlu   10.10.2022     TSO JF MIRH 33228031027015 10.10.2022 10.10.2022 Books